00686nam a2200205Ia 4500001002200000003000900022008004100031040002300072041001300095100001800108240002900126245003300155250001500188260002800203300001900231490004500250501012400295520001700419700004400436823-HAR th pe (19847)IT-MiSPE171229s9999||||xx |||||||||||||| ||und|| aIT-MiSPEcIT-MiSPE aITALIANO aThomas Hardy  aA few crusted characters 0aPersonaggi di vecchio stampo a1a ed. (v) aVeneziabMarsilioc2006 a209 p. c18 cm aLetteratura universale: Classici inglesi aEdizioni San Paolo srl - Piazza Soncino, 5 - 20092 CINISELLO BALSAMO (MI) (non commercial uses only) ® Copyright 2018 aEd. bilingue aStefania D'Agata D'Ottavig(traduzione)